000 00448nam a2200169 a 4500
001 10950
005 20180713195053.0
008 140415s1994 000 0 spa d
020 _a9682448514
041 _aspa
082 _a070.43
_bRIO
100 1 _aRIO REYNAGA, JULIO DEL
245 1 0 _aPERIODISMO INTERPRETATIVO :
_bEL REPORTAJE
260 _a[s.l.] :
_bTRILLAS,
_c1994
300 _a195
650 1 4 _aPERIODISMO
_xREPORTAJES
999 _c10950
_d10950